000 00663nam a2200181 a 4500
008 080925s2006 ||||||||||||||||| || u
050 _aIBRD(08)PRWP
100 _aBandyopadhyay, Sushenjit
245 1 0 _aForests, biomass use, and poverty in Malawi
260 _aWashington, D.C.
_bWorld Bank
_c2006
300 _a50p.
350 _a0.00
490 _aWorld Bank policy research working papers
700 _aShyamsundar, Priya
700 _aBaccini, Alessandro
710 _aWorld Bank
995 _D0.00
_FCBU-MAIN LIBRARY (Kitwe)
_H1
_I0.00
_M4068
_UAVAILABLE
_WSep 25, 2008
_ZInternational Publications
999 _c43803
_d43803